Un hipogeo intacto en la Necrópolis del Puig des Molins Eivissa

Na minha lista:
Detalhes bibliográficos
Autor principal: Fernández, Jorge H (Author)
Formato: Livro
Idioma:espanhol
Publicado em: Ibiza Govern Balear 1981
Colecção:Trabajos del Museo Arqueológico de Ibiza, 6
Assuntos:
Tags: Adicionar Tag
Sem tags, seja o primeiro a adicionar uma tag!

MARC

LEADER 00000nam a2200000 a 4500
001 UCP7832
003 CL-VaPUC
008 000106e19810000SP |||||||||||||||||spa|d
082 0 4 |a 930.146  |b FER  |2 21 
100 0 |a Fernández, Jorge H  |e author  |9 437445 
245 1 3 |a Un hipogeo intacto en la Necrópolis del Puig des Molins Eivissa 
300 |a 34 p 
942 |c BK 
945 |d 20000106 00:00:00  |a rherrera 
260 |a Ibiza  |b Govern Balear  |c 1981 
650 0 |a Arqueología   |9 265619 
650 7 |a PUNICOS  |2 CL-VaPUC  |9 437434 
650 7 |a HIPOGEO  |2 CL-VaPUC  |9 437446 
651 7 |a IBIZA  |2 CL-VaPUC  |9 437447 
651 0 |a España  |9 254926 
583 |a last modification  |c 20000106 00:00:00  |k Rodrigo Vera 
490 0 |a Trabajos del Museo Arqueológico de Ibiza, 6 
999 |c 284874  |d 284872 
952 |0 0  |1 0  |4 0  |6 930_146000000000000_FER_1981  |7 0  |8 A  |9 329173  |a BIBHIS  |b BIBHIS  |d 2019-11-20  |i 1379704  |o 930.146 FER 1981  |p 1379704  |r 2025-01-20  |w 2019-11-20  |y BK  |k HIS